|
|
|
|
| LEADER |
00000nam a22000007a 4500 |
| 005 |
20210205215051.0 |
| 007 |
cr|||| |||| |
| 008 |
210205s2020 es |||||s|||| 00||0 spa d |
| 020 |
|
|
|a 978-84-1377-100-7
|
| 035 |
|
|
|a 32836
|
| 040 |
|
|
|a vLex
|
| 090 |
|
|
|c 11106
|d 11106
|
| 100 |
1 |
|
|a Garca̕ Mandaloniz, Marta
|
| 245 |
1 |
3 |
|a Una sociedad mercantil simplificada y digitalizada
|h [Recurso electrn̤ico] :
|b Un ecosistema emprendedor innovador, inclusivo y sostenible /
|c Marta Garca̕ Mandaloniz
|
| 256 |
|
|
|a Servicio en ln̕ea
|
| 260 |
|
|
|a Madrid:
|b Dykinson,
|c 2020
|
| 300 |
|
|
|a 1 recurso electrn̤ico
|
| 500 |
|
|
|a La aspiracin̤ de esta investigacin̤ es la simplificacin̤ y la digitalizacin̤ del derecho de las sociedades mercantiles no cotizadas. Se apuesta por un derecho societario simplificado y digitalizado como derecho facilitador de la iniciativa empresarial para la reconstruccin̤ de un entorno emprendedor innovador, inclusivo y sostenible. Para la facilitacin̤ y la potenciacin̤ abogamos por la simplificacin̤, la flexibilizacin̤ y la innovacin̤ de la legislacin̤. Se diseą una hoja de ruta para la configuracin̤, la constitucin̤ y la organizacin̤ de un sociedad mercantil simplificada y digitalizada. El props̤ito es adecuar el derecho mercantil de las sociedades no cotizadas a un entorno econm̤ico en constante mutacin̤ por las tecnologa̕s, tambiň por las emergentes y disruptivas, y por las incertidumbres, incrementadas en estos momentos de crisis sanitaria y econm̤ica.
|
| 506 |
1 |
|
|a Disponible solo en los productos indicados
|d vLex Global
|d vLex Global (Academic Edition, excluding Law Schools)
|d vLex Global (U.S. Academic Edition, Law Schools)
|d vLex Global (U.S. Academic Edition, excluding Law Schools)
|d vLex Global (Academic Edition, Law Schools)
|
| 650 |
0 |
4 |
|a Derecho Mercantil y de la Empresa
|z Espaą
|
| 740 |
0 |
|
|a vLex Libros (Servicio en ln̕ea)
|
| 856 |
4 |
0 |
|u http://vlex.com/source/sociedad-mercantil-simplificada-y-digitalizada-un-ecosistema-emprendedor-innovador-inclusivo-y-sostenible-32836
|z Acceso restringido
|
| 942 |
|
|
|c BOOK
|
| 999 |
0 |
|
|a Commercial and Company Law
|